000 01016nac a22003011i 4500
003 EG-ScBUE
005 20250618091440.0
008 250618t2001 nju f 000 0 eng d
020 _a1589490142 (hardcover)
020 _a9781589490147
040 _aEG-ScBUE
_beng
_erda
_cEG-ScBUE
_dEG-ScBUE
082 0 4 _a539.76
_222
_bPRO
100 _a20080729
245 0 0 _aProceedings of Cairo International conference on high energy physics /
_cedited by Shaaban Khalil, Qaisar Shafi, Hassan Tallat.
264 1 _aPrinceton, NJ :
_bRinton Press,
_c[2001]
264 4 _cc2001
300 _ax, 461 pages ;
_c24 cm
336 _2rdacontent
_atext
_btxt
337 _aunmediated
_2rdamedia
_bn
338 _avolume
_bnc
_2rdacarrier
650 7 _aHigh energy physics.
_2BUEsh
655 _vReading book
700 1 _aKhalil, Shaaban,
_eeditor.
700 1 _aShafi, Qaisar,
_eeditor.
700 1 _aTallat, Hassan,
_eeditor.
942 _cBB
_2ddc
999 _c3495
_d3495